Statistics for Italian verbs: -ere group #2

Click here to take the quiz!

General Stats

  • This quiz has been taken 31 times
  • The average score is 68 of 150

Answer Stats

HintAnswer% Correct
Participio passatotratto
84%
(tu) | tutrai
74%
Participio passatocondotto
68%
lui / lei / Leipone
68%
iopongo
68%
lui / lei / Leiconduce
63%
lui / lei / Leicondurrà
63%
iocondurrò
63%
lui / lei / Leiponeva
63%
noiponevamo
63%
voiponevate
63%
tuponevi
63%
ioponevo
63%
(tu) | tuponi
63%
(noi) | che noi | noiponiamo
63%
lui / lei / Leitrae
63%
(voi) | che voi | voiconducete
58%
(tu) | tuconduci
58%
(noi) | che noi | noiconduciamo
58%
ioconduco
58%
loro / Loroponevano
58%
(Lei) | che io | che lui / che lei / che Lei | che tuponga
58%
loro / Loropongono
58%
iotraggo
58%
(noi) | che noi | noitraiamo
58%
iotrarrò
58%
tucondurrai
53%
voicondurreste
53%
(voi) | voiponete
53%
(Loro) | che loro / che Loropongano
53%
che voiponiate
53%
Participio passatoposto
53%
lui / lei / Leitrarrà
53%
(Lei) | che io | che lui / che lei / che Lei | che tuconduca
47%
Gerundioconducendo
47%
lui / lei / Leiconduceva
47%
noiconducevamo
47%
voiconducevate
47%
tuconducevi
47%
ioconducevo
47%
loro / Loroconducono
47%
lui / lei / Leicondurrebbe
47%
noicondurremo
47%
tucondurresti
47%
voicondurrete
47%
lui / leicondusse
47%
iocondussi
47%
lui / lei / Leiporrà
47%
ioporrò
47%
lui / lei / Leitraeva
47%
noitraevamo
47%
loro / Lorotraevano
47%
voitraevate
47%
tutraevi
47%
iotraevo
47%
(Lei) | che io | che lui / che lei / che Lei | che tutragga
47%
tutrarrai
47%
lui / lei / Leitrarrebbe
47%
noitrarremo
47%
voitrarreste
47%
tutrarresti
47%
voitrarrete
47%
iotrassi
47%
(Loro) | che loro / che Loroconducano
42%
Participio presenteconducente
42%
loro / Lorocondurrebbero
42%
iocondurrei
42%
noicondurremmo
42%
Gerundioponendo
42%
tuporrai
42%
noiporremo
42%
voiporrete
42%
(voi) | voitraete
42%
(Loro) | che loro / che Lorotraggano
42%
loro / Lorotraggono
42%
che voitraiate
42%
loro / Lorotrarranno
42%
loro / Lorotrarrebbero
42%
iotrarrei
42%
noitrarremmo
42%
lui / lei / Leitrasse
42%
loro / Lorocondurranno
37%
Participio presenteponente
37%
che lui / che lei / che Leiponesse
37%
che io | che tuponessi
37%
loro / Loroporranno
37%
lui / lei / Leiporrebbe
37%
loro / Loroporrebbero
37%
noiporremmo
37%
voiporreste
37%
tuporresti
37%
Gerundiotraendo
37%
Participio presentetraente
37%
che lui / che lei / che Leiconducesse
32%
voiconduceste
32%
tuconducesti
32%
che noiponessimo
32%
che voi | voiponeste
32%
tuponesti
32%
ioporrei
32%
che lui / che lei / che Leitraesse
32%
che io | che tutraessi
32%
che noitraessimo
32%
loro / Lorotrassero
32%
loro / Loroconducessero
26%
che io | che tuconducessi
26%
che loro / che Loroponessero
26%
che loro / che Lorotraessero
26%
che voi | voitraeste
26%
tutraesti
26%
noiconducemmo
21%
noiconducessimo
21%
noiponemmo
16%
lui / lei / Leipose
16%
loro / Loroposero
16%
ioposi
16%
noitraemmo
16%
loro / Loroconducecano
0%

Score Distribution

Percentile by Number Answered

Percent of People with Each Score

Your Score History

You have not taken this quiz